000 00442nam a2200181Ia 4500
005 20221202093252.0
008 131103s9999 xx 000 0 und d
040 _aLoreto College
041 _aEnglish
082 _a821.91
_bEMP
100 _aEmpson, William
245 _aCollected poems
_cWilliam Empson
260 _aLondon
_bChatta and Windus
_c1956
300 _a119p.
650 _aEnglish poetry
850 _aLCLIB
942 _cBK
999 _c21587
_d72066